Disertación acerca del arte combinatorio de G. W. Leibniz.

Kaydedildi:
Detaylı Bibliyografya
Yazar: Leibniz, Gottfried Wilhelm (autor)
Diğer Yazarlar: Correia Machuca, Manuel (versión directa del latín)
Materyal Türü: Kitap
Dil:İspanyolca
Baskı/Yayın Bilgisi: Santiago, Chile: Ediciones Universidad Católica de Chile; Facultad de Filosofía; Instituto de Filosofía, 1992.
Edisyon:Primera edición.
Seri Bilgileri:Colección Textos Universitarios.
Konular:
Etiketler: Etiketle
Etiket eklenmemiş, İlk siz ekleyin!

MARC

LEADER 00000nam a2200000 a 4500
001 UCX6639
003 CL-VaPUC
005 20220822114324.0
008 930730e19920000CL |||||||||||||||||spa|d
999 |c 226631  |d 226629 
020 |a 956-14-0297-1 
040 |c Pontificia Universidad Católica de Valparaíso 
082 0 4 |a 510.1 LEI 1992   |2 21 
100 |a Leibniz, Gottfried Wilhelm   |e autor  |9 429654 
245 1 0 |a Disertación acerca del arte combinatorio de G. W. Leibniz.  
250 |a Primera edición.  
260 |a Santiago, Chile:   |b Ediciones Universidad Católica de Chile;  |b Facultad de Filosofía;   |b Instituto de Filosofía,   |c 1992. 
300 |a 108 páginas.  
490 |a Colección Textos Universitarios.  
500 |a c.2 Donación Familia Prof. Alejandro Guzmán Brito. 
583 |a last modification  |c 19930730 00:00:00  |k Rodrigo Vera 
650 0 |a Filosofía de las matemáticas   |9 265233 
650 0 |a Metafísica  |9 265649 
700 |a Correia Machuca, Manuel  |e versión directa del latín   |9 566792 
942 |c BK  |2 ddc  |n 0 
945 |d 19930730 00:00:00 
952 |0 0  |1 0  |4 0  |6 510_100000000000000_LEI_1992  |7 0  |8 A  |9 225136  |a BIBEDU  |b BIBEDU  |d 2019-11-15  |i 2938367  |o 510.1 LEI 1992  |p 2938367  |r 2019-11-15  |w 2019-11-15  |y BK  |k FIL 
952 |0 0  |1 0  |2 ddc  |4 0  |6 510_100000000000000_LEI_1992  |7 1  |8 C_AGB  |9 581190  |a BIBDER  |b BIBDER  |d 2022-02-07  |e Donación   |i 5645379  |o 510.1 LEI 1992  |p 5645379  |r 2023-01-25  |t 2  |w 2022-02-07  |y BK_US  |k AGB